=LDR 00000nam 2200000 4500 =001 INLIS000000000062118 =005 20230529091706 =035 ##$$a 0010-0523000058 =007 ta =008 230529################g##########0#ind## =100 #$$a Koh Young Hoon $e penulis$e Koh Young Hoon $e penulis =245 ##$$a Percakapan Bahasa Korea /$c Koh Young Hoon =250 ##$$a Cetaka Kelima, 2008 =300 ##$$a 136 halaman : $b ilustrasi ; $c 20 cm =020 ##$$a 979-523-537-0 =041 ##$$a ind =082 ##$$a 495.7 =084 ##$$a 495.7 KOH p =264 ##$$a Jakarta :$b Dian Rakyat,$c 2008 =336 ##$$a teks$2 rdacontent =337 ##$$a tanpa perantara$2 rdamedia =338 ##$$a volume$2 rdacarrier =650 #4$$a Bahasa Korea - Percakapan =990 ##$$a 18161816